| 000 | 00818nam a2200241 i 4500 | ||
|---|---|---|---|
| 001 | 146187 | ||
| 003 | ES-MaACL | ||
| 005 | 20240530181244.0 | ||
| 007 | t| | ||
| 008 | 070904s1952 sp ||||1| spa d | ||
| 080 | _a382(46:8.03) | ||
| 100 | 1 |
_aTorres, Manuel de. _9110904 |
|
| 245 | 1 | 4 |
_aLas relaciones comerciales entre España e Hispanoamérica / _cManuel de Torres Martínez. |
| 260 |
_aMadrid : _bCultura Hispánica, _c1952. |
||
| 300 |
_a141 p. ; _c21 cm. |
||
| 490 | 1 | _aHombres e ideas | |
| 651 | 4 |
_aEspaña- _xComercio exterior- _zAmérica Latina. _9172683 |
|
| 651 | 4 |
_aEspaña- _xRelaciones económicas- _zAmérica Latina _98480 |
|
| 651 | 4 |
_aAmérica Latina- _xRelaciones económicas- _zEspaña. _9172684 |
|
| 830 | 1 |
_aHombres e ideas _9181511 |
|
| 852 |
_aES-MaACL _jD-8224 |
||
| 999 |
_c146187 _d146187 |
||